Sports Quiz

Random Sports Quiz

FIFA Ranking Quiz Stats

 Plays Quiz not verified by Sporcle

Challenge
Share
Tweet
Embed
Score 0/22 Timer 01:30
0 Plays Today
Confederations Team % Correct
UEFASpain
96.7%
UEFAGermany
96.1%
UEFAGermany
95.4%
CONMEBOLBrazil
94.7%
UEFAFrance
94.1%
CONMEBOLBrazil
94.1%
CONMEBOLArgentina
93.5%
UEFASpain
93.5%
CONMEBOLArgentina
93.5%
UEFAFrance
93.5%
UEFAFrance
93.5%
Confederations Team % Correct
CONMEBOLBrazil
92.9%
CONMEBOLArgentina
92.9%
UEFASpain
92.3%
UEFAGermany
92.3%
UEFAItaly
92.2%
UEFAItaly
92.2%
UEFANetherlands
75.2%
UEFANetherlands
75.1%
UEFASweden
42.6%
UEFACzech Republic
36.1%
UEFACzech Republic
35.5%

You're not logged in!

Compare scores with friends on all Sporcle quizzes.
Join for Free
OR
Log In

You Might Also Like...

Show Comments

Extras

Top Quizzes Today


Score Distribution

Your Account Isn't Verified!

In order to create a playlist on Sporcle, you need to verify the email address you used during registration. Go to your Sporcle Settings to finish the process.

Report this User

Report this user for behavior that violates our Community Guidelines.

Details: